| 000 | 00345nam a2200145Ia 4500 | ||
|---|---|---|---|
| 005 | 20251222154319.0 | ||
| 008 | 251222s9999||||xx |||||||||||||| ||spa|| | ||
| 020 | _a84-331-0658-9 | ||
| 082 | _a415/M44 | ||
| 100 | _aMesanza López, Jesús | ||
| 245 | 0 | _aCómo Escribir Bien: | |
| 250 | _a3a.ed. | ||
| 264 | _bEscuela Española | ||
| 942 | _cLIB | ||
| 999 |
_c33695 _d33695 |
||